Pays commençant par A - Statistiques

Statistiques générales
  • Ce quiz a été pris 3 585 fois
  • Le résultat moyen est 11 sur 14
Statistiques - réponses
Pays % Correct
Arménie
89%
Afghanistan
87%
Albanie
86%
Algérie
85%
Allemagne
85%
Australie
85%
Angola
82%
Andorre
81%
Azerbaïdjan
79%
Argentine
77%
Autriche
74%
Afrique du Sud
73%
Antigua-et-Barbuda
68%
Arabie Saoudite
67%
Aucun quiz correspondant
Distribution des résultats
% des personnes avec chaque résultat
Percentile par nombre de réponses
Votre historique - résultats
Vous n’avez pas pris ce quiz